000 00425nam a2200157Ia 4500
008 100204s9999 xx 000 0 und d
082 _b28063
100 _aचांदोरकर नीला
245 _aएक दिवस अचानक
250 _a0
260 _c2007
300 _a316
630 _aएक दिवस अचानक
730 _aएक दिवस अचानक
942 _cBOOK
999 _c473244
_d473241